01713nam a2200313 a 4500001001000000003000900010005001700019008004100036020001800077040002500095082002700120245026500147250001100412260008300423300002700506490006700533590002700600600006000627610005400687650004600741651006300787700006100850830007000911942001400981952013100995952012501126952013101251999001701382000048405DO-SdBNP20250113131851.0090831s2015 dr c r 000 0 spa d a9789945462821 aDO-SdBNPbspacBNPHU a972.93054bC111f, 201500aCaamaño frente a la O.E.A. :bactas de las reuniones del gobierno constitucional que encabezó el presidente constitucional Francisco Alberto Caamaño Deñó, con la Comisión de la O.E.A. y otros documentos relativos a la Guerra Patria de abril 1965 /. a2a ed. aSanto Domingo :bComisión Permanente de Efemérides Patrias,fBúhoc2015. av. :bretrs. ;c24 cm.1 a50 aniversario de la Geta Patriótica de Abril de 1965 ;v4 ; aInventariado, 2019/ YL14aCaamaño Deño, Francisco Alberto, d1932-197391002620aOrganización de los Estados Americanos 917918 4aGuerrillaszRepública Dominicana917919 4aRepública DominicanaxHistoriayRevolución, 1965921671 aCury, Jottin,d1921-2011epról.gDe la 1ra. ed.975811 0a50 aniversario de la Geta Patriótica de Abril de 1965n4975812 2ddccLBS1 0010718DSaGRbGRcHDd2019-03-04iLF1l0o972.93054 C111f, 2015p48405-30r2020-06-25te. 3w2020-06-25yLFDSZNo se presta 0010718PDaPDbPDcHDd2019-03-04iLF1l0o972.93054 C111f, 2015p48405-10r2020-06-25w2020-06-25yLFPDZNo se presta 0010718PDaPDbPDcHDd2019-03-04iLF1l0o972.93054 C111f, 2015p48405-20r2020-06-25te. 2w2020-06-25yLFPDZNo se presta c47893d47893